000 00462nam a2200181Ia 4500
001 3044
005 20260306144851.0
008 260306t2008||||xx |||||||||||||| ||spa||
041 _aESP
082 _a245.41
_bP46
100 _aPérez Soba, Juan josé
_eAUT
245 0 _aIl logos dell agape:
_bamore e ragione come principi dell´agire
260 _c2008
300 _a412 páginas :
_c24 cm.
650 _aGEN
654 _aCHU
942 _cLIB
_dJUS
_fJUS
_2ddc
_n
999 _c3044
_d3044